Guinea, Equatorial Guinea.. or Guinea Bissau? - Statistics

General Stats
  • This quiz has been taken 498 times
    496 since last reset
  • The average score is 9 of 15
Answer Stats
Question Answer % Correct
Borders the Atlantic Ocean All
93%
Is located in the African subregion known as "Central Africa" Equatorial Guinea
80%
Its capital city is located on an island over 100 miles off its main coast Equatorial Guinea
80%
Is sometimes known as Guinea-Conakry Guinea
77%
Borders more than two countries Guinea
73%
Is a presidential republic All
61%
Is one of the top 5 richest countries per capita in Africa Equatorial Guinea
59%
Became a nation in the late 1900s (1955-1999) All
52%
Is one of the 10 countries with the lowest elevation Guinea Bissau
45%
Is one of the 20 poorest nations per capita Guinea Bissau
45%
Borders the Gulf of Guinea Equatorial Guinea
43%
Does not have Portuguese as an official language Guinea
43%
Is smaller than 100,000 square miles All
34%
Has had an Ebola outbreak Guinea
34%
Is made up of less than 5 regions/provinces Guinea Bissau
30%
No matching quizzes found
Score Distribution
Percent of People with Each Score
Percentile by Number Answered
Your Score History
You have not taken this quiz since the last reset